000 01002nam a22002297a 4500
003 NALT
005 20251029090605.0
008 s2524 th tha d
040 _aNALT
041 _atha
050 _aHB 75
_bก3 2524
100 0 _aกนกศักดิ์ แก้วเทพ
_9980
245 1 0 _aจากเศรษฐศาสตร์การเมืองถึงสังคมไทย /
_cโดย กนกศักดิ์ แก้วเทพ และสมเกียรติ วันทะนะ.
260 _aกรุงเทพฯ :
_bวลี,
_c2524.
300 _a128 หน้า ;
_b
_c18 ซม.
650 4 _aเศรษฐศาสตร์การเมือง
_919841
651 4 _922038
_aไทย
_xภาวะสังคม
_xรวมเรื่อง
700 0 _aสมเกียรติ วันทะนะ
_926400
850 _aNALT
856 4 0 _uhttps://hdl.handle.net/20.500.14156/444159
942 _cRRB
_2lcc
999 _c41621
_d41621
998 _j4612
_k นางสาววัลยา พุ่มต้นวงค์